LDR 01379nam a2200313 i 4500 001 000000113869 003 CaOOAMICUS 005 20260507105553.0 008 100901s1984 it u000 u ita u 013 $a86555 020 $a88-372-1215-1 040 $aSeMil$bita 100 1 $aGuardini, Romano,$d<1885-1968>.$0(OLS)http://semarc/name/3002 240 10$aUnterscheidung des Christlichen : Gesammelte Studien 1923-1963.$0(OLS)http://semarc/title/10730 245 10$aFede, religione, esperienza :$bsaggi teologici. 260 $aBrescia :$bMorcelliana,$c1984. 300 $a226 p. ;$c18 cm. 650 4$aReligiosità.$0(OLS)http://semarc/subject/5990 650 4$aCristianesimo.$0(OLS)http://semarc/subject/425 650 4$aRivelazione - Studi.$0(OLS)http://semarc/subject/12757 650 4$aColpa - Teologia.$0(OLS)http://semarc/subject/8408 830 0$aOpere di Romano Guardini
.$0(OLS)http://semarc/title/423872 850 $aSeMil 852 $aSeMil$W1$xVenegono$y1$m2UA O 30$j271486$B69518$CSeMilBibl$Z2$F75451 $81 961 $aLascito: Bidoglio don Maurizio 996 $6020$a88-372-1215-1$9(OLS)http://semarc/number/97034 996 $6245$aFede, religione, esperienza :$bsaggi teologici$9(OLS)http://semarc/title/166351 996 $6260$aBrescia :$bMorcelliana$9(OLS)http://semarc/publisher/29629